000 01274nam2a22002531 4500
001 RU\NLR\INFOCOMM18\1000228739
005 20250617021313.0
035 _a(NLR Aleph) 002369359
090 _a4567259
_c4567259
100 _a20041128d1986 |||y0rusy50 ca
101 0 _arus
102 _aRU
105 _ay |||||||||
200 1 _aОборудование для пакетирования кирпича
_fФ.М. Ярмухамедова
210 _d1986
_aБ. м.
461 0 _1001RU\NLR\INFOCOMM18\1000228717
_12001#$aСтроительное, дорожное и коммунальное машиностроение$hСерия 22$iМашины и оборудование для промышленности строительных материалов$v1986, Вып.2
_94567194
_cМ.
_d1979-
_hСерия 22
_iМашины и оборудование для промышленности строительных материалов
_tСтроительное, дорожное и коммунальное машиностроение
_v1986, Вып.2
700 1 _aЯрмухамедова
_bФ.М.
_4070
801 1 _aRU
_bInfoComm
_c20041128
801 0 _aRU
_bNLR
_gPSBO
852 _aNLR
_jП10/5780
942 _cISSUE
980 _aNB
980 _aRUSPER